01785nam a2200385 a 4500001001200000003000800012006001900020007001500039008004100054010001700095020001500112020001800127020002700145040002100172035002100193050002300214082002400237111011000261245008700371260008900458300002300547490005500570500019500625500005500820504005100875533015200926650002801078650003001106655002901136700001601165710001701181830005601198856012601254999001901380ebr10516475CaPaEBRm u cr cn|||||||||881017s1988 dcua sb 101 0 eng d z 88039582  z0930403479 z9780930403478 z9781600863691 (e-book) aCaPaEBRcCaPaEBR a(OCoLC)30080818314aTL505b.I58 1987eb04a629.1 sa662/.22192 aInternational Colloquium on Dynamics of Explosions and Reactive Systemsn(11th :d1987 :cWarsaw, Poland)10aDynamics of explosionsh[electronic resource] /cedited by A.L. Kuhl ... [et al.]. aWashington, D.C. :bAmerican Institute of Aeronautics and Astronautics, Inc.,c1988. axx, 533 p. :bill.1 aProgress in astronautics and aeronautics ;vv. 114 a"Technical papers presented from the eleventh International Colloquium on Dynamics of Explosions and Reactive Systems, Warsaw, Poland, August 1987, and subsequently revised for this volume." aCompanion volume to: Dynamics of reactive systems. aIncludes bibliographical references and index. aElectronic reproduction.bPalo Alto, Calif. :cebrary,d2013.nAvailable via World Wide Web.nAccess may be limited to ebrary affiliated libraries. 0aExplosionsvCongresses. 0aGas dynamicsvCongresses. 7aElectronic books.2local1 aKuhl, A. L.2 aebrary, Inc. 0aProgress in astronautics and aeronautics ;vv. 114.40uhttp://site.ebrary.com/lib/rucke/Doc?id=10516475zAn electronic book accessible through the World Wide Web; click to view c122438d122438